000
00350nam a2200157Ia 4500
003
OSt
005
20240118152902.0
008
170524s9999 xx 000 0 und d
020
_a
0230638856
040
_c
iimt university meerut
100
_a
SHARMA J K
100
_c
2012
245
0
_a
OPERATION RESEARCH
260
_a
MacMillan
942
_2
ddc
_c
02
999
_c
2646
_d
2646